000 00292cam a2200133ua 4500
041 _aeng
_h
082 _a828.09
_bHUN/OL
100 _aHunt, Hugh .
245 _aOld vic prefaces /
_cHugh Hunt.
_hTextual Documents
300 _a193 ; .
504 _a
942 _cBK
999 _c12839
_d12839